Đang tải...
Paddy conversion in kerala-a case study of Parassala panchayat
| Tác giả chính: | |
|---|---|
| Định dạng: | Ph.D Thesis |
| Được phát hành: |
University of Kerala
2000
|
| LEADER | 00474nam a2200193 4500 | ||
|---|---|---|---|
| 020 | |||
| 082 | |a M 128 | ||
| 100 | |a Smitha, V P | ||
| 245 | |a Paddy conversion in kerala-a case study of Parassala panchayat | ||
| 250 | |||
| 260 | |a University of Kerala |c 2000 | ||
| 300 | |||
| 490 | |||
| 500 | |||
| 590 | |||
| 650 | |||
| 942 | |c THES | ||
| 999 | |c 118374 |d 118374 | ||
| 952 | |0 0 |1 0 |4 0 |6 M_128_000000000000000 |7 0 |9 131841 |a ECN |b ECN |l 0 |o M 128 |p ECNM128 |r 2019-09-25 |w 2019-09-25 |y THES | ||